Modern Landscape Architecture : A Critical Review. (Record no. 16875)

MARC details
000 -LEADER
fixed length control field 00410nam a2200157Ia 4500
008 - FIXED-LENGTH DATA ELEMENTS--GENERAL INFORMATION
fixed length control field 220803s9999 xx 000 0 und d
020 ## - INTERNATIONAL STANDARD BOOK NUMBER
International Standard Book Number 9780262700511
041 ## - LANGUAGE CODE
Language code of text/sound track or separate title eng
082 ## - DEWEY DECIMAL CLASSIFICATION NUMBER
Classification number 712 TRE
100 ## - MAIN ENTRY--PERSONAL NAME
Personal name Treib M Ed.
9 (RLIN) 26333
245 ## - TITLE STATEMENT
Title Modern Landscape Architecture : A Critical Review.
260 ## - PUBLICATION, DISTRIBUTION, ETC. (IMPRINT)
Place of publication, distribution, etc. London
Name of publisher, distributor, etc. MIT Press
Date of publication, distribution, etc. 1992
300 ## - PHYSICAL DESCRIPTION
Extent 294p
500 ## - GENERAL NOTE
Keywords 35
650 ## - SUBJECT ADDED ENTRY--TOPICAL TERM
Topical term or geographic name as entry element Landscape Architecture
9 (RLIN) 26334
Holdings
Withdrawn status Lost status Damaged status Not for loan Collection code Home library Current library Shelving location Date acquired Vendor Cost, normal purchase price Full call number Barcode Date last seen Cost, replacement price Bill Date Koha item type Original Barcode Total Checkouts Checked out Date last checked out
        Book M arch LA Dr. Bhanuben Nanavati College of Architecture Dr. Bhanuben Nanavati College of Architecture   12/09/2018 Word Book Shop 3615.00 712 TRE BNCA-BK-10684 03/08/2022 3650.00 08/09/2018 Reference book B10684      
          Dr. Bhanuben Nanavati College of Architecture Dr. Bhanuben Nanavati College of Architecture   09/01/2014 Flipkart.com   712.36.0904 TRE BNCA-DB-1044 05/05/2025   03/08/2022 Donated Book DB001044 2 04/06/2025 05/05/2025